Statistics for Jay Cutler Tribute

Click here to take the quiz!

General Stats

  • This quiz has been taken 17 times
  • The average score is 10 of 21

Answer Stats

HintAnswer% Correct
He entered the NFL in this year2006
100%
Jay Cutler's uniform number6
100%
Jay spent 8 years on this NFL teamChicago Bears
100%
Jay's final season in 2017 was with this teamMiami Dolphins
93%
Jay was picked in the first round of the NFL draft. What pick # was he?11
86%
3 years on this NFL teamDenver Broncos
79%
Jay has 160 career theseInterceptions
79%
In what year did Jay lead the NFL in both sacks and yards lost to sacks (52 sacks, 352 yards)2010
64%
In what year did Jay lead the NFL in fourth quarter comebacks with four?2015
64%
Jay's nicknameSmoking Jay Cutler
36%
CollegeVanderbilt
36%
What did Jay mysteriously injure in the 2010 NFC championship game?Knee
29%
What did Cutler give photographers when he was spotted walking his dog?Middle Finger
29%
Jay's home stateIndiana
21%
In what city was Jay born?Santa Claus
21%
What team was Jay Cutler's first NFL win against?Arizona Cardinals
14%
What common medical practice does Jay refuse to provide his children?Vaccinations
14%
How did Jay Cutler propose to his wife (for the second time)?Text Message
7%
Before the 2009 pro-bowl, Peyton Manning did this to Jay Cutler that destroyed his blood sugar moniterThrew him into a pool
7%
How many times did he lead his team to the playoffs?1 (2010)
0%
How many seasons did Jay lead the NFL in interceptions?2 (2009, 2014)
0%

Score Distribution

Percentile by Number Answered

Percent of People with Each Score

Your Score History

You have not taken this quiz